000 01513nam a2200385 i 4500
001 ELB248013
003 FINmELB
005 20250326042944.0
006 m o d |
007 cr cnu||||||||
008 231226s2023 sp o 001 0 spa d
020 _a9788411841214
_q(e-book)
035 _a(OCoLC)1418812972
040 _aFINmELB
_bspa
_erda
_cFINmELB
050 4 _aS495
_bR934 2023
080 _a631
082 0 4 _a630
_223
100 1 _aRuiz Cobos, Juan Manuel,
_eautor.
245 1 0 _aOperaciones auxiliares de preparación del terreno, plantación y siembra de cultivos agrícolas :
_bAGAX0208 /
_cJuan Manuel Ruiz Cobos.
264 1 _aMálaga :
_bIC Editorial,
_c2023.
300 _a1 recurso en línea (303 páginas)
336 _atexto
_btxt
_2rdacontent/spa
337 _acomputadora
_bc
_2rdamedia/spa
338 _arecurso en línea
_bcr
_2rdacarrier/spa
490 1 _aAGAX0208 - Actividades auxiliares en Agricultura
500 _aIncluye índice.
588 _aDescripción basada en metadatos suministrados por el editor y otras fuentes.
590 _aRecurso electrónico. Santa Fe, Arg.: elibro, 2024. Disponible vía World Wide Web. El acceso puede estar limitado para las bibliotecas afiliadas a elibro.
650 4 _aAgricultura.
650 4 _aAgricultura
_xEstudio y enseñanza.
655 4 _aLibros electrónicos.
797 2 _aelibro, Corp.
830 0 _aAGAX0208 - Actividades auxiliares en Agricultura.
856 4 0 _uhttps://elibro.net/ereader/usam/248013
999 _c137974
_d137974